[Event "Provence-ch Majeur op 9697"]
[Site "France"]
[Date "1997.??.??"]
[Round "4"]
[White "Dumas, JL."]
[Black "Thiers, Jean Jacques"]
[Result "0-1"]
[WhiteElo "1800"]
[BlackElo "1710"]
[PlyCount "40"]
[EventDate "1996.??.??"]
[EventType "swiss"]
[EventRounds "7"]
[EventCountry "FRA"]
[SourceTitle "EXT 2005"]
[Source "ChessBase"]
[SourceDate "2004.11.15"]
[SourceVersion "1"]
[SourceVersionDate "2004.11.15"]
[SourceQuality "1"]

1. e4 c5 2. f4 d6 3. Nf3 Nc6 4. Bc4 e6 5. Nc3 Nf6 6. a3 Be7 7. d3 a6 8. 0-0 Bd7 9. Qe2 Qc7 10. Rb1 0-0 11. e5 Ng4 12. h3 Nh6 13. exd6 Qxd6 14. Ne4 Qc7 15. Bd2 Nf5 16. c3 Na5 17. Ba2 Bc6 18. Qf2 c4 19. Ne5 Bxe4 20. g4 Bh4 0-1

[Event "Provence-ch Majeur op 9697"]
[Site "France"]
[Date "1996.??.??"]
[Round "2"]
[White "Dumas, JL."]
[Black "Arcon, Jose"]
[Result "1-0"]
[WhiteElo "1800"]
[BlackElo "1660"]
[PlyCount "79"]
[EventDate "1996.??.??"]
[EventType "swiss"]
[EventRounds "7"]
[EventCountry "FRA"]
[SourceTitle "EXT 2005"]
[Source "ChessBase"]
[SourceDate "2004.11.15"]
[SourceVersion "1"]
[SourceVersionDate "2004.11.15"]
[SourceQuality "1"]

1. e4 e6 2. d4 d5 3. e5 c5 4. c3 Nc6 5. Nf3 Qb6 6. Be2 Bd7 7. 0-0 h5 8. b3 0-0-0 9. a4 Na5 10. Nbd2 cxd4 11. cxd4 Nh6 12. Bb2 Nf5 13. Ng5 Be8 14. Bb5 f6 15. Bxe8 fxg5 16. Bb5 Nxd4 17. Bxd4 Qxd4 18. Qc2+ Kb8 19. Nf3 Qf4 20. Rac1 Bb4 21. Qc7+ Ka8 22. Bd7 Qf7 23. Bb5 Qg6 24. Nd4 h4 25. Rfd1 h3 26. Bd3 Qh5 27. Be2 Qh4 28. g3 Qe4 29. Bf3 Qg6 30. Bg4 a6 31. Qb6 Rdf8 32. f3 Ba3 33. Rc7 Rc8 34. Qxa5 Bb2 35. Nxe6 Bxe5 36. Rxc8+ Rxc8 37. Qxd5 Bb8 38. Nf4 gxf4 39. Bxc8 fxg3 40. Qxb7# 1-0

[Event "Provence-ch access Vitrolles 9596"]
[Site "France"]
[Date "1995.??.??"]
[Round "3"]
[White "Dumas, JL."]
[Black "Gouiran, Serge"]
[Result "1-0"]
[WhiteElo "1780"]
[BlackElo "1670"]
[PlyCount "103"]
[EventDate "1995.??.??"]
[EventType "tourn"]
[EventRounds "9"]
[EventCountry "FRA"]
[SourceTitle "EXT 2005"]
[Source "ChessBase"]
[SourceDate "2004.11.15"]
[SourceVersion "1"]
[SourceVersionDate "2004.11.15"]
[SourceQuality "1"]

1. f4 d5 2. Nf3 Nf6 3. b3 Qd6 4. e3 Bg4 5. Bb2 Nbd7 6. Be2 Bxf3 7. Bxf3 e5 8. fxe5 Nxe5 9. Nc3 c6 10. Qe2 Be7 11. a4 0-0 12. 0-0 Qe6 13. Nd1 Nfd7 14. Rc1 Bd6 15. Nf2 Nxf3+ 16. Qxf3 Be5 17. Ba3 Bd6 18. Bxd6 Qxd6 19. Ng4 Rae8 20. Qh3 f5 21. Nf2 Re6 22. g3 Ne5 23. Qg2 Qb4 24. Nh3 Qe7 25. Nf4 Ref6 26. Ne2 Nd7 27. Rf4 Nc5 28. Nc3 Ne4 29. Nxe4 fxe4 30. Rcf1 Rxf4 31. Rxf4 Rxf4 32. gxf4 Qh4 33. Kf1 Qh5 34. Ke1 Qh4+ 35. Qg3 Qf6 36. Qg5 Kf7 37. Qh5+ Qg6 38. Qh3 Kf6 39. Kf2 Qf5 40. Qh4+ g5 41. Qh6+ Kf7 42. Qxg5 Qxg5 43. fxg5 Kg6 44. h4 Kf5 45. Kg3 c5 46. c3 b6 47. b4 a6 48. b5 axb5 49. axb5 h6 50. gxh6 Kg6 51. Kf4 Kxh6 52. Ke5 1-0

[Event "Provence-ch access Vitrolles 9596"]
[Site "France"]
[Date "1995.??.??"]
[Round "6"]
[White "Montagard, Guillaume"]
[Black "Dumas, JL."]
[Result "0-1"]
[WhiteElo "1790"]
[BlackElo "1780"]
[PlyCount "76"]
[EventDate "1995.??.??"]
[EventType "tourn"]
[EventRounds "9"]
[EventCountry "FRA"]
[SourceTitle "EXT 2005"]
[Source "ChessBase"]
[SourceDate "2004.11.15"]
[SourceVersion "1"]
[SourceVersionDate "2004.11.15"]
[SourceQuality "1"]

1. Nf3 b5 2. e4 Bb7 3. Bxb5 Bxe4 4. 0-0 Nf6 5. d4 e6 6. c4 Be7 7. Nc3 Bb7 8. Qb3 c6 9. Ba4 Qb6 10. Re1 0-0 11. Bg5 d5 12. cxd5 Qxb3 13. Bxb3 cxd5 14. Rac1 Nbd7 15. Ne5 Bb4 16. f3 Rfc8 17. Nd3 Ba5 18. Red1 Ba6 19. Ba4 Rab8 20. Bxf6 Nxf6 21. Nc5 Rxb2 22. Nxa6 Rxc3 23. Rxc3 Bxc3 24. Rc1 Bxd4+ 25. Kh1 g6 26. Bb3 h5 27. Nb4 a5 28. Nc6 Be3 29. Re1 Bf2 30. Rf1 a4 31. Bxa4 Rxa2 32. Bd1 Be3 33. Nb4 Rb2 34. Nc2 d4 35. Nxe3 dxe3 36. Re1 Nd5 37. Be2 Nf4 38. Bc4 Nxg2 0-1

[Event "Provence-ch prom Vitrolles 9293"]
[Site "France"]
[Date "1992.??.??"]
[Round "4"]
[White "Coolen, Olivier"]
[Black "Dumas, JL."]
[Result "1-0"]
[WhiteElo "1680"]
[BlackElo "1670"]
[PlyCount "81"]
[EventDate "1992.??.??"]
[EventType "tourn"]
[EventRounds "9"]
[EventCountry "FRA"]
[SourceTitle "EXT 2005"]
[Source "ChessBase"]
[SourceDate "2004.11.15"]
[SourceVersion "1"]
[SourceVersionDate "2004.11.15"]
[SourceQuality "1"]

1. c4 e5 2. Nc3 f5 3. d3 Nf6 4. Nf3 Nc6 5. g3 Bb4 6. Bd2 d6 7. a3 Bxc3 8. Bxc3 0-0 9. Bg2 Rb8 10. 0-0 Ne7 11. b4 Ng6 12. c5 e4 13. Bxf6 Qxf6 14. dxe4 dxc5 15. Qd5+ Be6 16. Qxc5 fxe4 17. Nd2 e3 18. Qxe3 a6 19. Ne4 Qe5 20. Rac1 c6 21. Rc5 Bd5 22. Qg5 Rbe8 23. Qxe5 Rxe5 24. Nd6 b6 25. Bxd5+ cxd5 26. Rc6 Rb8 27. e3 Re6 28. Rfc1 Ne7 29. Rc7 Kf8 30. Nb7 Ke8 31. a4 Kf7 32. Rd7 Kf6 33. Rcc7 Rc8 34. Nd6 Rxc7 35. Ne8+ Kf7 36. Nxc7 Re4 37. Nxd5 Ke8 38. Rxe7+ Rxe7 39. Nxe7 Kxe7 40. f4 Kd6 41. e4 1-0

[Event "Provence-chB"]
[Site "Provence"]
[Date "1991.??.??"]
[Round "1"]
[White "Dumas, JL."]
[Black "Scamaroni, Jean Paul"]
[Result "1-0"]
[WhiteElo "1730"]
[BlackElo "1660"]
[PlyCount "69"]
[EventDate "1991.??.??"]
[EventType "swiss"]
[EventRounds "9"]
[EventCountry "FRA"]
[SourceTitle "EXT 2005"]
[Source "ChessBase"]
[SourceDate "2004.11.15"]
[SourceVersion "1"]
[SourceVersionDate "2004.11.15"]
[SourceQuality "1"]

1. f4 e6 2. Nf3 Nf6 3. b3 d5 4. Bb2 Be7 5. e3 Nbd7 6. Be2 b6 7. Ne5 Nxe5 8. Bxe5 Bb7 9. Bf3 Ba6 10. d3 Rc8 11. Nd2 0-0 12. 0-0 c5 13. Bb2 d4 14. e4 Qc7 15. e5 Nd5 16. Bxd5 exd5 17. Rf3 f6 18. e6 Rce8 19. f5 Bd6 20. Rh3 g6 21. Qg4 Qg7 22. Re1 Bc8 23. Nf3 gxf5 24. Qxf5 Qe7 25. Bc1 Kh8 26. Rh5 Rg8 27. Nh4 Be5 28. Rxe5 fxe5 29. Qxe5+ Rg7 30. Ng6+ Kg8 31. Nxe7+ Rexe7 32. Bh6 Rg6 33. Rg5 Rexe6 34. Rxg6+ Rxg6 35. Qe8# 1-0